000 00520nam a2200205Ia 4500
005 20250923150439.0
008 008 250917s9999 xx 000 0 eng d
037 _aTextual
040 _aDSWL
_beng
_cDSWL
041 _aeng
_2eng
084 _qDSWL
245 0 _aGender, identity and migration in India
_cEd.by P Banerjee
260 _aDelhi
_b Palgrave
_c2023
300 _a365 p.
365 _aINR
_b1795
650 _aN Chowdhory
_9846062
925 _g1795
942 _cTEXL
999 _c1463558
_d1463558